Sermones de J. B. Bossuet Obispo de Meaux

Guardat en:
Dades bibliogràfiques
Autor principal: Bossuet, Jacques-Bénigne (autor)
Format: Llibre
Idioma:espanyol
Publicat: Madrid Hijos de Leocadio López 1922
Edició:3a. ed
Matèries:
Etiquetes: Afegir etiqueta
Sense etiquetes, Sigues el primer a etiquetar aquest registre!

MARC

LEADER 00000nam a2200000 a 4500
001 UCI6809
003 CL-VaPUC
008 080530e19220000SP |||||||||||||||||spa|d
082 0 4 |a 252  |b BOS  |2 21 
100 |a Bossuet, Jacques-Bénigne  |e autor  |9 349337 
245 1 0 |a Sermones de J. B. Bossuet Obispo de Meaux 
250 |a 3a. ed 
300 |a 632 p 
942 |c BK 
945 |d 20080530 00:00:00  |a rbrito 
260 |a Madrid  |b Hijos de Leocadio López  |c 1922 
500 |a Donación Padres Capuchinos 
650 7 |a SERMONES  |2 CL-VaPUC  |9 317687 
583 |a last modification  |c 20080530 00:00:00  |k Rodrigo Vera 
999 |c 330258  |d 330256 
952 |0 0  |1 0  |4 0  |6 252_000000000000000_BOS_1922  |7 0  |8 X  |9 415731  |a FDOBUD  |b FDOBUD  |d 2019-11-22  |i 4443284  |o 252 BOS 1922  |p 4443284  |r 2019-11-22  |w 2019-11-22  |y BK_X  |k BUD